000 01485cab a2200241 4500
001 ##L133599
008 060522n2006 000 0 eng u
035 _a(Sirsi) u133599
041 0 _aeng
245 0 0 _aCommission of the European Communities v United Kingdom
260 _c2006
520 _aECJ C-98/04, 4 May 2006. Considers whether the use of Lawful Development Certificates (LDCs) allows the environmental impact procedures of Directive 85/337/EEC Arts 2(1) and 4 to be bypassed. The Commission had received a complaint about the UK practice of issuing Lawful Development Certificates (LDCs) to confirm that particular uses of land are lawful for planning control purposes. "Held": the Commission's action was dismissed as inadmissible as it presented only one aspect of a legal mechanism composed of two inseparable parts.
590 _aIKA230506 NTK
650 2 4 _aDIRECTIVE 97/11/EC
650 2 4 _aDIRECTIVE 85/337/EEC
650 2 4 _aDIRECTIVE 85/337/EEC ART 2(2)
650 2 4 _aDIRECTIVE 85/337/EEC ART 4
650 2 4 _aEUROPEAN COMMISSION V UNITED KINGDOM
651 4 _aEngland and Wales
_y1543-
690 _aENVIRONMENTAL AND LAND CONSULTANCY-ENVIRONMENTAL MANAGEMENT-ENVIRONMENTAL ASSESSMENT-ENVIRONMENTAL IMPACT ASSESSMENT
856 4 0 _uhttps://curia.eu.int/jurisp/cgi-bin/form.pl?lang=en&Submit=Submit&docj=docj&numaff=&datefs=2006-05-04&datefe=&nomusuel=&domaine=&mots=&resmax=100
_zView the judgment free of charge at http://curia.eu.int...
942 _n0
999 _c77104
_d77104